00788nam a2200193 a 450000100100000000500170001000800410002702000150006804000250008310000330010824500760014126000590021730000200027649000290029683000360032595201050036195201110046699900170057700004049920201002034154.0130826s2006 mx 000 0 spa d a9703201407 aDO-SdBNPbspacBNPHU1 aMoreno Díaz, Daniel96680813aEl constitucionalismo mexicano en el siglo XIX /cDaniel Moreno Díaz. aMéxico :bUniversidad Autónoma de México,c2006. a29 p. ;c22 cm.1 aEstudios jurídicosv27 0aEstudios jurídicosn27966809 001050718MOaGRbGRcCTd2013-08-26iLF1l0o p40499-10r2020-06-25w2020-06-25y1ZNo se presta 001050718MOaGRbGRcCTd2013-08-26iLF1l0o p40499-20r2020-06-25te. 2w2020-06-25y1ZNo se presta c39989d39989